000 01083nam a2200265Ia 4500
003 OSt
005 20221005111025.0
006 a|||||r|||| 00| 0
007 ta
008 221004b |||||||| |||| 00| 0 hin d
020 _a8171197647 (hbk)
_c125
024 _a17722
037 _bSP/3820, 25/03/2015, Star Publications Pvt. Ltd.
_cTextual
040 _aCRL
_cCRL
_bhin
041 _2hin
_ahin
082 _aO152,2M50:g, L6;P2
100 _aतनेजा, सत्येन्द्र कुमार
245 0 _aनाटककार भारतेन्दु की रंग - परिकल्पना
246 _aNāṭakakār bhāratendu kī ranga - parikalpanā
260 _aनई दिल्ली
_bराधाकृष्ण भारत
_c2002
300 _a110पृ0
_ccm.
650 _aहिन्दी साहित्य
942 _hO152,2M50:g, L6;P2
_cTEXL
_2cc
999 _c1020581
_d1020581